Name All Oceanian Countries - Statistics

General Stats
  • This quiz has been taken 190 times
  • The average score is 11 of 14
Answer Stats
Answer % Correct
Australia
98%
New Zealand
97%
Fiji
89%
Marshall Islands
83%
Samoa
81%
Solomon Islands
81%
Papua New Guinea
79%
Micronesia
77%
Tuvalu
77%
Tonga
76%
Kiribati
74%
Vanuatu
71%
Palau
70%
Nauru
69%
No matching quizzes found
Score Distribution
Percent of People with Each Score
Percentile by Number Answered
Your Score History
You have not taken this quiz